000
00324nam a2200133 a 4500
005
20140414131908.0
008
101006s19uu xx 00 eng d
050
_a
ER
_b
H34 1994
100
_a
Spyri, Johanna
245
_a
Heidi.
260
_a
U.K :
_b
Ladybird Books,
_c
1994.
440
_a
Ladybird classics
999
_c
111070
_d
111070